000 00545nam a2200193Ia 4500
005 20260120132033.0
008 008 260114s9999 xx 000 0 eng d
020 _a9781383032321
037 _aEBOOK
040 _aCRL
_beng
_cCRL
041 _aeng
_2eng
084 _qCRL
100 _aSalway
_9934179
245 4 _aThe Roman Era: The British Isles: 55 BC - AD 410
260 _bOxford University PressOxford University Press
_c2023
856 _uhttps://academic.oup.com/book/47971
942 _cEBOOK
999 _c1526102
_d1526102